🪄 Wem gehört dieser Zauberstab? – Harry Potter - Statistiken

Allgemein
  • Dieses Quiz wurde 32 mal gespielt
  • Das Durchschnittsergebnis liegt bei 4 aus 11
Antwortstatistiken
Beschreibung Figur % Korrekt
Zauberstab aus Stechpalmenholz, Phönixfeder, 11 Zoll Harry Potter
89%
Zauberstab aus Eibenholz, Phönixfeder, 13½ Zoll Lord Voldemort
74%
Zauberstab aus WeiĂźbuche, Drachenherzfaser, 12Âľ Zoll Draco Malfoy
67%
Zauberstab aus Eschenholz, Einhornhaar, 10 Zoll Ron Weasley
44%
Zauberstab aus Holunder, Seelenkern des Todesmeisters Albus Dumbledore
33%
Zauberstab aus Rebenholz, Drachenherzfaser, 10Âľ Zoll Hermine Granger
33%
Zauberstab aus Weidenholz, Einhornhaar, 14 Zoll Ron Weasley
15%
Zauberstab aus Schwarzdorn, Drachenherzfaser, von Todessern genutzt Hermine Granger
7%
Zauberstab aus Eichenholz, Einhornhaar, 9 Zoll Cedric Diggory
4%
Zauberstab aus Mahagoniholz, Drachenherzfaser, 11 Zoll Horace Slughorn
4%
Zauberstab aus Kirsche, Drachenherzfaser, 13 Zoll Peter Pettigrew
4%
Keine ĂĽbereinstimmenden Quizze gefunden
Verteilung der Resultate
Anzahl Personen mit jedem Resultat
Perzentil nach korrekt beantworteten Fragen
Ihre Resultats-Entwicklung
Sie haben dieses Quiz noch nicht gespielt